000 00462nam a22001217a 4500
999 _c21379
_d21379
008 240906b ||||| |||| 00| 0 eng d
100 _aVelasco, Erwin V.
_eauthor.
_960297
245 _aWork immersion :
_ban average for lifelong learning /
_cErwin V. Velasco.
260 _aPhilippines;
_bPublishers Association of the Philippines, Inc.,
_cAugust 2019.
300 _aVolume 168, pages 104-105.
700 _aVelasco, Erwin V.
_eauthor.
_960297
942 _2ddc
_cPER